01325nabaa22002177a 4500999001500000003000400015005001700019008004100036040000700077100003300084245021600117300001200333500003700345505042200382505008900804650003200893650002800925650001400953773012700967942001301094 c6316d6316OSt20260130193955.0190701b xxu||||| |||| 00| 0 spa d cPJ 95690aColombo, Juan Martín13aLa ambientalización del urbanismo y el desarrollo urbano en los pronunciamientos judiciales. Breve panorama local y actual - Por Juan Martín Colombo cbreve panorama local y actual /bJuan Martín Colombo.  ap. 3-11 aCita: TR LALEY AR/DOC/2593/2025  aSumario: I. La ambientalización del desarrollo urbano.— II. Marco normativo de la ambientalización del desarrollo urbano. El rol del derecho y la jurisprudencia.— III. La evolución jurisprudencial: reconocimiento e incorporación de exigencias ambientales para el desarrollo urbano.— IV. Los precedentes judiciales locales y la ambientalización progresiva del desarrollo urbano local.— V. Corolario.  t¿Te interesa el texto completo? Comunicate al correo: koha@justierradelfuego.gov.ar 09211aDERECHO ADMINISTRATIVO 092848aDERECHO AMBIENTAL 0aURBANISMO0 0284293251dBuenos Aires : AbeledoPerrot, 2012-oDA121tDerecho administrativo. Nº 162 noviembre/diciembre 2025z18510590 2udccANA